Antes de que venga la noche / (Record no. 193163)

MARC details
000 -LEADER
campo de control de longitud fija 02047nam a2200421 i 4500
001 - NÚMERO DE CONTROL
campo de control 193163
003 - IDENTIFICADOR DE NÚMERO DE CONTROL
campo de control SpMaBN
005 - FECHA Y HORA DE LA ÚLTIMA TRANSACCIÓN
campo de control 20250825062646.0
007 - CAMPO FIJO DE DESCRIPCIÓN FÍSICA--INFORMACIÓN GENERAL
campo de control de longitud fija ta
008 - DATOS DE LONGITUD FIJA--INFORMACIÓN GENERAL
campo de control de longitud fija 230915s2018 sp a | |||| 000 p spa
017 ## - NÚMERO DE COPYRIGHT O DE DEPÓSITO LEGAL
Número de copyright o de depósito legal M 28784-2017
Agencia que asigna Oficina Depósito Legal Madrid
020 ## - NÚMERO INTERNACIONAL ESTÁNDAR DEL LIBRO
Número Internacional Estándar del Libro 9788494724169
035 ## - NÚMERO DE CONTROL DEL SISTEMA
Número de control de sistema (OCoLC)1117429325
035 ## - NÚMERO DE CONTROL DEL SISTEMA
Número de control de sistema a6369591
040 ## - FUENTE DE CATALOGACIÓN
Centro catalogador/agencia de origen SpMaBN
Lengua de catalogación spa
Centro/agencia transcriptor SpMaBN
Normas de descripción rda
Centro/agencia modificador ES-MaACL
080 ## - NÚMERO DE LA CLASIFICACIÓN DECIMAL UNIVERSAL
Número de la Clasificación Decimal Universal 821.134.2-14"19"
080 ## - NÚMERO DE LA CLASIFICACIÓN DECIMAL UNIVERSAL
Número de la Clasificación Decimal Universal 75 Cabellut, Lita
100 ## - ENTRADA PRINCIPAL--NOMBRE DE PERSONA
Nombre de persona Santiso, Javier,
Fechas asociadas al nombre 1969-
Término indicativo de función/relación Autor
9 (RLIN) 234222
245 10 - MENCIÓN DEL TÍTULO
Título Antes de que venga la noche /
Mención de responsabilidad, etc. Javier Santiso, Lita Cabellut.
250 ## - MENCION DE EDICION
Mención de edición Segunda edición: 2020
264 #1 - PRODUCCIÓN, PUBLICACIÓN, DISTRIBUCIÓN, FABRICACIÓN Y COPYRIGHT
Producción, publicación, distribución, fabricación y copyright Baecelona :
Nombre del de productor, editor, distribuidor, fabricante La Cama Sol,
Fecha de producción, publicación, distribución, fabricación o copyright 2020
300 ## - DESCRIPCIÓN FÍSICA
Extensión 117 páginas :
Otras características físicas ilustraciones (color) ;
Dimensiones 24 cm
336 ## - TIPO DE CONTENIDO
Término de tipo de contenido Texto
-- Imagen fija
Fuente rdacontent
337 ## - TIPO DE MEDIO
Nombre/término del tipo de medio sin mediación
Fuente rdamedia
338 ## - TIPO DE SOPORTE
Nombre/término del tipo de soporte volumen
Fuente rdacarrier
500 ## - NOTA GENERAL
Nota general Ejemplar intonso. Copia 221 de 500 ejemplares.
520 ## - RESUMEN, ETC.
Sumario, etc. Este libro es poesía molecular, como lo describe el director de orquesta y compositor Ramón Torrelledó en el prólogo. Lleno de ritmo y de emulsiones, gira en torno a la reconocida pintora Lita Cabellut, asentada en Holanda y nacida en España. Habla de la presencia de los rostros de su obra, de los rastros que quedan al pintarlos, y de los restos que dejamos de nuestra presencia cuando llega la noche, con ecos de los grandes maestros que le han inspirado: Rubens, Rembrandt, Goya, Bacon o Tàpies.
600 1# - PUNTO DE ACCESO ADICIONAL DE MATERIA--NOMBRE DE PERSONA
Nombre de persona Cabellut, Lita,
9 (RLIN) 234223
Fechas asociadas al nombre 1961-
655 #7 - TERMINO DE INDIZACIÓN--GENERO/FORMA
Datos o término principal de género/forma Libros ilustrados
Fuente del término tgfbne
9 (RLIN) 193653
655 #7 - TERMINO DE INDIZACIÓN--GENERO/FORMA
Datos o término principal de género/forma Poesías
Fuente del término tgfbne
9 (RLIN) 176539
700 1# - ENTRADA AGREGADA--NOMBRE PERSONAL
Nombre de persona Cabellut, Lita,
9 (RLIN) 234223
Término indicativo de función/relación Ilustrador
Fechas asociadas al nombre 1961-
852 ## - LOCALIZACIÓN
Ubicación ES-MaACL
Sublocalización o colección R.154618
itemnumber 200521
Número de control de estantería N-9378
Ubicación en estantería Depósito J
Donativo/Legado Donación: Javier Santiso
Anotaciones manuscritas 221/500
Encuadernación Encuadernación rústica con solapas
Nota libre Ejemplar intonso
903 ## - NOMBRE PERSONAL DE DONANTE
a Santiso, Javier,
d 1969-
e Donante
9 234222
942 ## - ELEMENTOS DE ENTRADA SECUNDARIOS (KOHA)
Suprimir en OPAC No
Tipo de ítem Koha Libro impreso
Holdings
Estatus retirado Estado de pérdida Fuente del sistema de clasificación o colocación Estado de daño No para préstamo Biblioteca de origen Biblioteca actual Ubicación en estantería Fuente de adquisición Número de control de estantería Total de préstamos Signatura topográfica completa Código de barras Visto por última vez Precio de reemplazo Tipo de ítem Koha
    Clasificación decimal universal     Biblioteca del Ateneo de Madrid Biblioteca del Ateneo de Madrid Depósito J Donación Ateneísta   N-9378 101205816 15/09/2023 15/09/2023 Libro impreso